00329nam a2200121Ia 4500008004100000020001900041082001700060100002100077245005700098250001600155260002600171300001000197210430s9999 xx 000 0 und d a978-8126508273 a510 K 9211 A a Erwin Kreyszig. aAdvanced Engineering Mathematics /c Erwin Kreyszig. a8th edition aNew yorkbWileyc1999 a1156p